Traité de pédologie agricole le sol (notice nᵒ 33692)
[ vue normale ]
| 000 -LEADER | |
|---|---|
| fixed length control field | 00478nam a2200157 4500 |
| 005 - DATE AND TIME OF LATEST TRANSACTION | |
| control field | 20211003152427.0 |
| 037 ## - SOURCE D'ACQUISITION | |
| Cote | BC_456 69/A-B-C-D |
| Forme de support | Broché |
| 040 ## - SOURCE DU CATALOGAGE | |
| Origine cataloguage | BC-ENSA |
| Langue du catalogage | fre |
| 041 ## - CODE DE LANGUE | |
| Langue | Français |
| Langue du résumé | Français |
| 100 ## - VEDETTE PRINCIPALE - AUTEUR PRINCIPAL | |
| Auteur | GAUCHER, G. |
| 245 ## - MENTION DU TITRE | |
| Titre | Traité de pédologie agricole le sol |
| Complément de titre | et ses caractéristiques agronomiques |
| 260 ## - PUBLICATION, DIFFUSION, ETC. (ADRESSE BIBLIOGRAPHIQUE) | |
| Lieu d'édition | PARIS |
| Nom de l'éditeur | DUNOD |
| Année d'édition | 1968 |
| 562 ## - NOTE D'IDENTIFICATION DES EXEMPLAIRES ET VERSIONS | |
| Numbre d' exemplaire | 04 exemplaire(s) |
| 942 ## - ADDED ENTRY ELEMENTS (KOHA) | |
| Type document | Ouvrage |
| 653 ## - DESCRIPTEUR LIBRE | |
| Mots clés libres | SOL/PEDOLOGIE AGRICOLE/AGRICULTURE/CARACTERISTIQUE AGRONOMIQUE |
| statut de retrait | Statut | emplacement permanent | Localisation actuelle | emplacement rayonnages | Cote | code à barre | Koha type d'élément |
|---|---|---|---|---|---|---|---|
| Bibliothèque Centrale | Bibliothèque Centrale | Magasin sous sol | BC_456 59/A | BC_456 59/A | Ouvrage | ||
| Bibliothèque Centrale | Bibliothèque Centrale | Magasin sous sol | BC_456 59/B | BC_456 59/B | Ouvrage | ||
| Bibliothèque Centrale | Bibliothèque Centrale | Magasin sous sol | BC_456 59/C | BC_456 59/C | Ouvrage | ||
| Bibliothèque Centrale | Bibliothèque Centrale | Magasin sous sol | BC_456 59/D | BC_456 59/D | Ouvrage |